01184nam a22002777i 4500999001700000003000900017008004100026020002200067040007100089082002300160100002500183245012000208260005000328300002900378500003800407505013900445650003000584650002100614650002600635650002600661650002900687856004200716942001600758945002100774952011100795 c22695d22695AR-CdUCM230926b20212021pe ajo|| |||| 00| 0 spa d a978-612-4392-45-0 aMUNICIPALIDAD PROVINCIAL DEL CUSCOcBIBLIOTECA MUNICIPAL DEL CUSCO a985.611 / C9AbC9A aAlfaro Aucca, Crayla aPatrimonio y Hábitat en el Centro Histórico de Cusco :bUna experiencia de gestión en sitios patrimoniales / aCusco :bUniversidad Andina del Cusco,c2021. a131 páginas. :c24 cm. zBibliografía: páginas 127-131 aPatrimonio de hábitat -- Cusco una ciudad estratificada -- Gestión y conservación del sitio patrimonial -- Patrimonio edificado. aPatrimonio - Cusco948881 aGestión922604 aConservación 96143 aUrbanismo inca948882 aInstitucionalidad915334 fhttps://orcid.org/0000-0001-6741-4169 2ddccLIBROS apebmd2023-09-26 002ddc4070aSHbSHcCARTd2023-09-26eDonacióng20.00o985.611 / C9ApSH0000016529r2023-09-26yLIBROS